01093 2200241 4500001002100000005001500021035002000036008004100056020002200097041000800119082001000127084001600137100002000153245013700173260003700310300003100347520038200378650002100760650001400781250000600795990002500801990002500826INLIS00000000000886220221114100349 a0010-0520008862221114 | | ind  a978-979-3065-50-2 aind a923.4 a923.4 PAS s0 aPasley, Fred D.1 aSamuel Leibowitz :bPengacara Kaum Tertindas (Kisah Seorang Pengacara Yang Membebaskan 77 Orang dari Hukuman Mati) /cFred D. Pasley aYogyakarta :bNavila Idea,c2010 axiv, 292 p.;20 cm ;c20 cm aBuku ini mengisahkan kisah Samuel Leibowitz, seseorang pengacara Amerika yang membaktikan karirnya untuk membela kaum papa dan orang-orang yang terpinggirkan. Ia bagai malaikat penyelamat bagi orang0ornag tak berdaya, yang cenderung kalah dalam hukum maupun sistem. Buku ini menarik bukan hanya untuk para pengacara, tapi bagi siapa saja yang tertarik terhadap hukum yang adil. 4aSamuel Leibowitz 4apengacara a1 a21091/MKRI-P/VI-2011 a21091/MKRI-P/VI-2011